000 00272nam a22001337a 4500
003 SGT
082 _a515,DAH
100 _aDAHIYA, R. K.
245 _aCALCULUS
260 _aMEERUT
_bPRAGATI PRAKASHAN
_c2016
300 _a392
650 _aANALYSIS
942 _2ddc
_cFPS
_021
999 _c10060
_d10060